000 00837cam a2200277 4500500
005 20260329005842.0
041 _afre
042 _adc
100 1 0 _aSchaeffer, Jean-Marie
_eauthor
700 1 0 _aHazanavicius, Michel
_eauthor
700 1 0 _aLacroix, Alexandre
_eauthor
245 0 0 _aJean-Marie Schaeffer-Michel Hazanavicius : pourquoi on aime se faire des films
260 _c2025.
500 _a86
690 _aCinéma
690 _aDivertissement
690 _aEsthétique
690 _aÉvasion
690 _aFiction
690 _aFilm
690 _aJean-Marie Schaeffer
690 _aSoin
690 _aUkraine
786 0 _nPhilosophie magazine | 190 | 6 | 2025-06-01 | p. 32-34 | 1951-1787
856 4 1 _uhttps://shs.cairn.info/magazine-philosophie-magazine-2025-6-page-32?lang=fr&redirect-ssocas=7080
999 _c1847259
_d1847259